| 000 | 01586nam0a2200385 4500 | ||
|---|---|---|---|
| 001 | RU\NLR\BIBL_A\012877797 | ||
| 005 | 20260406121043.0 | ||
| 010 |
_a978-5-389-20837-7 _94000 |
||
| 021 |
_aRU _b2022-44295 _9КН-П-3828 |
||
| 035 | _a(NLR Aleph) 012877797 | ||
| 090 |
_a12509947 _c12509947 |
||
| 100 | _a20220830d2022 |||y0rusy50 ca | ||
| 101 | 1 |
_arus _aeng _ceng |
|
| 102 | _aRU | ||
| 105 | _ay z 000cy | ||
| 181 | 0 |
_ai4 _baxxe |
|
| 182 | 0 | _an | |
| 200 | 1 |
_aНабережная Неисцелимых _eэссе _fИосиф Бродский _gперевод с английского Григория Дашевского |
|
| 203 |
_aТекст _bвизуальный _cнепосредственный |
||
| 210 |
_aСанкт-Петербург _cАзбука _cАзбука-Аттикус _d2022 |
||
| 215 |
_a215, [2] _d18 |
||
| 225 | 1 | _aАзбука-классика | |
| 225 | 1 | _aЛауреат Нобелевской премии | |
| 300 | _aНа доп. тит. с. загл. и авт. также на англ. яз.: Watermark / Joseph Brodsky | ||
| 300 | _aТекст парал. рус., англ. | ||
| 333 | _a16+ | ||
| 513 | 1 |
_6z44790 _aWatermark _zeng |
|
| 686 | 2 | _aШ6(2=Р)6-4 | |
| 700 | 1 |
_8rus _7ca _aБродский _bИ. А. _f1940-1996 _gИосиф Александрович _3RU\NLR\AUTH\77502 _9110551 |
|
| 790 | 1 |
_8rus _7ba _aBrodskij _bI. A. _f1940-1996 _gIosif Aleksandrovič _3RU\NLR\AUTH\7729945 _912972 |
|
| 942 | _cBOOK | ||
| 980 | _aNB | ||